| 000 | 00552nam a2200181Ia 4500 | ||
|---|---|---|---|
| 999 |
_c33823 _d33823 |
||
| 003 | OSt | ||
| 005 | 20200917114252.0 | ||
| 008 | 190216s9999||||xx |||||||||||||| ||und|| | ||
| 020 | _a9780074637715 | ||
| 040 | _coclc | ||
| 082 |
_a621.3822 _bNAG/S |
||
| 100 |
_aNagrath, I J _94541 |
||
| 245 | 0 |
_aSignals And Systems / _c I J Nagrath ; S N Sharan R Ranjan ; S Kumar |
|
| 260 |
_bTata Mcgrawhill Publishers, _c2003. _aNew Delhi: |
||
| 300 | _a606p | ||
| 650 | _aElectronics | ||
| 942 |
_cBK _2ddc _h621.3822 _iNAG/S _k621.3822 _mNAG/S |
||